|
|
|
|
| LEADER |
01475nam a2200265 a 4500 |
| 001 |
GR-MES2991 |
| 008 |
991111s1992 gr 000 0 gre d |
| 020 |
|
|
|a 9607306090
|
| 040 |
|
|
|a GrPaTEI
|b gre
|c GR-PaULI
|
| 245 |
0 |
0 |
|a Ειδική βελτίωση φυτών :
|b Σιτάρι.Κριθάρι.Καλαμπόκι.Πατάτα.Βαμβάκι.Ζαχαρότευτλα.
|
| 260 |
|
|
|a Πειραιάς :
|b Σταμούλης Α,
|c 1992
|
| 300 |
|
|
|a 394σελ. :
|b πιν.,σχημ.
|
| 650 |
|
4 |
|a Βαμβάκι
|
| 650 |
|
4 |
|a Ζαχαρότευτλα
|
| 650 |
|
4 |
|a Κριθάρι
|
| 650 |
|
4 |
|a Πατάτα
|
| 650 |
|
4 |
|a Σιτάρι
|
| 700 |
1 |
|
|a Καλτσίκης, Π.
|
| 710 |
0 |
|
|a Σταμούλης Α
|
| 942 |
|
|
|2 ddc
|
| 952 |
|
|
|0 0
|1 0
|2 ddc
|4 0
|6 580_700000000000000_ΚΑΛ
|7 0
|9 267490
|a MSLG
|b MSLG
|c BSC
|d 2021-01-17
|e 24
|f 0
|g 0.00
|l 0
|o 580.7 ΚΑΛ
|p 2420000004376
|r 2021-01-17 00:00:00
|t 1
|v 2021.00
|w 2021-01-17
|y BK15
|x Μεταφορά από Αμαλιάδα (18/10/22)
|x GrPaTEI
|
| 952 |
|
|
|0 0
|1 0
|2 ddc
|4 0
|6 580_700000000000000_ΚΑΛ
|7 0
|9 267491
|a MSLG
|b MSLG
|c BSC
|d 2021-01-17
|e 24
|f 0
|g 0.00
|l 1
|m 1
|o 580.7 ΚΑΛ
|p 2420000005814
|q 2024-09-16
|r 2024-05-30 00:00:00
|s 2024-05-30
|t 1
|w 2021-01-17
|y BK15
|x 19991111 0 1
|x GrPaTEI
|
| 952 |
|
|
|0 0
|1 0
|2 ddc
|4 0
|6 580_700000000000000_ΚΑΛ
|7 0
|9 267492
|a MSLG
|b MSLG
|c BSC
|d 2021-01-17
|e 24
|f 0
|g 0.00
|l 0
|o 580.7 ΚΑΛ
|p 2420000017914
|r 2021-01-17 00:00:00
|t 1
|w 2021-01-17
|y BK15
|x 20000203 0 1
|x GrPaTEI
|
| 971 |
|
|
|a .b25740362
|b 15-04-20
|c 13-09-16
|
| 999 |
|
|
|c 154006
|d 154006
|